[Event "Bohumin op 2nd"]
[Site "Bohumin"]
[Date "2019.06.22"]
[Round "1"]
[White "Hanak, Tomas"]
[Black "Safarcik, Miroslav"]
[Result "1-0"]
[WhiteElo "1962"]
[BlackElo "1406"]
[PlyCount "47"]
[EventDate "2019.06.22"]
[EventType "swiss"]
[EventRounds "9"]
[EventCountry "CZE"]
[SourceTitle "CBM 191 Extra"]
[Source "ChessBase"]
[SourceDate "2019.09.30"]
[SourceVersion "1"]
[SourceVersionDate "2019.09.30"]
[SourceQuality "1"]

1. e4 b6 2. d4 Bb7 3. Bd3 Nf6 4. Nc3 e6 5. Nge2 Be7 6. 0-0 d6 7. Re1 Nbd7 8. Ng3 c5 9. e5 Nd5 10. Qg4 g6 11. Bh6 cxd4 12. Nxd5 Bxd5 13. Bg7 Rg8 14. exd6 Bxd6 15. Qxd4 Bc5 16. Qxd5 Rxg7 17. Bb5 Ke7 18. Rad1 Nf6 19. Qb7+ Kf8 20. Rxd8+ Rxd8 21. h3 Nd5 22. Qxa7 f6 23. Qa4 e5 24. Rd1 1-0

[Event "Stare Mesto op"]
[Site "Stare Mesto"]
[Date "2017.08.15"]
[Round "6"]
[White "Bednar, Jan"]
[Black "Hanak, Tomas"]
[Result "1-0"]
[WhiteElo "2046"]
[BlackElo "1836"]
[PlyCount "79"]
[EventDate "2017.08.11"]
[EventType "swiss"]
[EventRounds "10"]
[EventCountry "CZE"]
[SourceTitle "CBM 180 Extra"]
[Source "ChessBase"]
[SourceDate "2017.10.06"]
[SourceVersion "1"]
[SourceVersionDate "2017.10.06"]
[SourceQuality "1"]

1. e4 e6 2. d4 d5 3. Nc3 Nf6 4. Bg5 dxe4 5. Nxe4 Be7 6. Bxf6 gxf6 7. Nf3 f5 8. Nc3 a6 9. Qd2 b5 10. g3 Bb7 11. Bg2 Qd6 12. 0-0 Nd7 13. Rad1 h5 14. Rfe1 0-0-0 15. a4 b4 16. Ne2 h4 17. Nf4 hxg3 18. fxg3 Qb6 19. c3 Rhg8 20. Nd3 Nf6 21. Nfe5 Ne4 22. Nc4 Qa7 23. Qe3 Bg5 24. Nf4 Bh6 25. Nd2 Nxd2 26. Rxd2 Rg4 27. Rf1 bxc3 28. bxc3 Rd6 29. Bh3 Rg8 30. Qe2 Rb6 31. Qh5 Bxf4 32. Rxf4 Rb1+ 33. Bf1 Qb6 34. Qxf7 Rd8 35. Re2 Bd5 36. Re5 Qc6 37. Rfxf5 exf5 38. Qxf5+ Kb7 39. Qxb1+ Ka7 40. Qf5 1-0

[Event "Karvina op"]
[Site "Karvina"]
[Date "2017.07.01"]
[Round "1"]
[White "Hanak, Tomas"]
[Black "Zwardon, Vojtech"]
[Result "0-1"]
[WhiteElo "1771"]
[BlackElo "2397"]
[PlyCount "122"]
[EventDate "2017.07.01"]
[EventType "swiss"]
[EventRounds "9"]
[EventCountry "CZE"]
[SourceTitle "EXT 2018"]
[Source "ChessBase"]
[SourceDate "2017.10.13"]
[SourceVersion "1"]
[SourceVersionDate "2017.10.13"]
[SourceQuality "1"]

1. e4 c5 2. b3 Nf6 3. e5 Nd5 4. Bb2 g6 5. g3 Bg7 6. Bg2 Nc7 7. f4 Nc6 8. Nf3 d6 9. Qe2 0-0 10. Na3 Bg4 11. h3 Bxf3 12. Bxf3 Ne6 13. Bxc6 bxc6 14. Nc4 d5 15. Ne3 a5 16. 0-0 a4 17. Rab1 axb3 18. axb3 Ra2 19. Qd3 Qb6 20. Ba1 Rfa8 21. Kh2 Nd4 22. Bxd4 cxd4 23. Ng4 Qb5 24. c4 Qb4 25. Rfd1 R8a3 26. cxd5 cxd5 27. Nf2 e6 28. h4 h5 29. Kh3 Ra8 30. g4 hxg4+ 31. Nxg4 Rc8 32. Nh2 Bh6 33. Kg4 Rcc2 34. Nf3 Kf8 35. Ra1 Rab2 36. Rab1 Kg8 37. Rxb2 Rxb2 38. Qxd4 Qxb3 39. Rc1 Qb7 40. Qc3 Bf8 41. Qc7 Qa6 42. Qd8 Qe2 43. Kg3 Rb3 44. Rc3 Rxc3 45. dxc3 Qe3 46. h5 gxh5 47. Qg5+ Bg7 48. Qxh5 Qxc3 49. Qg5 Qc7 50. f5 exf5 51. Qxf5 Qb8 52. Kg4 Qb4+ 53. Kg3 Qe4 54. Qf4 Qe2 55. Qf5 Qa6 56. Qg5 Qg6 57. Qxg6 fxg6 58. Kf2 Bh6 59. Ke2 Kf7 60. Kd3 Bf4 61. Kd4 Ke6 0-1

[Event "Karvina op"]
[Site "Karvina"]
[Date "2016.07.08"]
[Round "7"]
[White "Ochmyt, Jakub"]
[Black "Hanak, Tomas"]
[Result "1/2-1/2"]
[WhiteElo "1532"]
[BlackElo "1710"]
[PlyCount "80"]
[EventDate "2016.07.02"]
[EventType "swiss"]
[EventRounds "9"]
[EventCountry "CZE"]
[SourceTitle "EXT 2017"]
[Source "ChessBase"]
[SourceDate "2016.10.25"]
[SourceVersion "1"]
[SourceVersionDate "2016.10.25"]
[SourceQuality "1"]

1. d4 Nf6 2. Nf3 g6 3. c4 Bg7 4. Nc3 0-0 5. Bg5 d6 6. e4 Nc6 7. d5 Ne5 8. Nxe5 dxe5 9. Bd3 h6 10. Bh4 c6 11. 0-0 Qd6 12. Qc2 g5 13. Bg3 Nh5 14. Rad1 Qg6 15. b4 Nf4 16. Bxf4 exf4 17. e5 Qh5 18. Rfe1 g4 19. e6 fxe6 20. dxe6 g3 21. Bh7+ Kh8 22. fxg3 fxg3 23. h3 Bxc3 24. Bg6 Bxe1 25. Bxh5 Bf2+ 26. Kh1 Bxe6 27. Qe4 Rf6 28. Bg4 Bxg4 29. hxg4 Raf8 30. Qxe7 Bd4 31. Qe2 Rf2 32. Qe1 Kg7 33. Qg1 c5 34. bxc5 Bxc5 35. Rd7+ Kg8 36. Rd1 R8f7 37. Rd8+ Bf8 38. Rd1 Bc5 39. Rd8+ Bf8 40. Rd1 Bc5 1/2-1/2

[Event "Karvina op"]
[Site "Karvina"]
[Date "2016.07.06"]
[Round "5"]
[White "Zamarska, Sylwia"]
[Black "Hanak, Tomas"]
[Result "1/2-1/2"]
[WhiteElo "1601"]
[BlackElo "1710"]
[PlyCount "42"]
[EventDate "2016.07.02"]
[EventType "swiss"]
[EventRounds "9"]
[EventCountry "CZE"]
[SourceTitle "EXT 2017"]
[Source "ChessBase"]
[SourceDate "2016.10.25"]
[SourceVersion "1"]
[SourceVersionDate "2016.10.25"]
[SourceQuality "1"]

1. d4 f5 2. Bg5 d5 3. e3 Nf6 4. c4 e6 5. Nc3 c6 6. Nf3 Bd6 7. Ne5 0-0 8. Be2 Nbd7 9. f4 Be7 10. 0-0 Nxe5 11. fxe5 Ne4 12. Bxe7 Qxe7 13. Nxe4 fxe4 14. Qd2 Bd7 15. Rxf8+ Rxf8 16. Rf1 Rxf1+ 17. Bxf1 Be8 18. c5 Qg5 19. Qf2 Bh5 20. Be2 h6 21. h3 Bxe2 1/2-1/2

[Event "Karvina op"]
[Site "Karvina"]
[Date "2016.07.04"]
[Round "3"]
[White "Hanak, Tomas"]
[Black "Pilch, David"]
[Result "0-1"]
[WhiteElo "1710"]
[BlackElo "1663"]
[PlyCount "88"]
[EventDate "2016.07.02"]
[EventType "swiss"]
[EventRounds "9"]
[EventCountry "CZE"]
[SourceTitle "EXT 2017"]
[Source "ChessBase"]
[SourceDate "2016.10.25"]
[SourceVersion "1"]
[SourceVersionDate "2016.10.25"]
[SourceQuality "1"]

1. e4 e6 2. d4 d5 3. Nd2 Nf6 4. e5 Nfd7 5. Bd3 c5 6. c3 Nc6 7. Ngf3 cxd4 8. cxd4 Qb6 9. 0-0 Nxd4 10. Nxd4 Qxd4 11. Nf3 Qb6 12. Qa4 Bc5 13. Bd2 Qd8 14. Rac1 Be7 15. Rc3 0-0 16. Rfc1 f6 17. Qh4 f5 18. Qf4 b6 19. b4 Qe8 20. Bb5 a6 21. Bc6 Rb8 22. Qd4 Bb7 23. Bxd7 Qxd7 24. Rc7 Qe8 25. Bg5 Bxg5 26. Nxg5 Bc8 27. Ra7 h6 28. Rcc7 Qg6 29. Rxg7+ Qxg7 30. Rxg7+ Kxg7 31. Qc3 Rb7 32. Nh3 Kh7 33. Nf4 Rff7 34. Nh5 Rbc7 35. Nf6+ Kh8 36. Qe3 Rh7 37. g3 b5 38. Kg2 Kg7 39. Qb6 Rb7 40. Qd8 Rh8 41. Nh5+ Kh7 42. Qf6 Rg8 43. Nf4 Rb6 44. Nxd5 Bb7 0-1

[Event "Karvina op"]
[Site "Karvina"]
[Date "2016.07.03"]
[Round "2"]
[White "Koci, Tomas"]
[Black "Hanak, Tomas"]
[Result "1/2-1/2"]
[WhiteElo "1610"]
[BlackElo "1710"]
[PlyCount "80"]
[EventDate "2016.07.02"]
[EventType "swiss"]
[EventRounds "9"]
[EventCountry "CZE"]
[SourceTitle "EXT 2017"]
[Source "ChessBase"]
[SourceDate "2016.10.25"]
[SourceVersion "1"]
[SourceVersionDate "2016.10.25"]
[SourceQuality "1"]

1. e4 c5 2. c3 d5 3. exd5 Qxd5 4. d4 Nf6 5. Nf3 Bg4 6. Be2 e6 7. h3 Bh5 8. 0-0 Nc6 9. Be3 cxd4 10. cxd4 Be7 11. Nc3 Qd6 12. Nb5 Qb8 13. Nc3 0-0 14. Qb3 Nb4 15. Rac1 Rd8 16. a3 Nbd5 17. Nxd5 Nxd5 18. g4 Bg6 19. Ne5 Be4 20. Bf3 Bxf3 21. Nxf3 Bd6 22. Rc2 h6 23. Rfc1 b5 24. Ne5 Bxe5 25. dxe5 Qxe5 26. Qxb5 Qe4 27. Qe2 Nxe3 28. Qxe3 Qxe3 29. fxe3 Rd3 30. Kf2 Rad8 31. Rc8 Kh7 32. Rxd8 Rxd8 33. Ke2 Rd7 34. a4 Rb7 35. Rb1 Rb3 36. a5 Kg6 37. Kf3 Kg5 38. Rc1 Rxb2 39. Rc7 Kf6 40. Rxa7 Rh2 1/2-1/2

[Event "Karvina op"]
[Site "Karvina"]
[Date "2016.07.02"]
[Round "1"]
[White "Hanak, Tomas"]
[Black "Sobek, Jaroslav"]
[Result "0-1"]
[WhiteElo "1710"]
[BlackElo "2233"]
[PlyCount "42"]
[EventDate "2016.07.02"]
[EventType "swiss"]
[EventRounds "9"]
[EventCountry "CZE"]
[SourceTitle "EXT 2017"]
[Source "ChessBase"]
[SourceDate "2016.10.25"]
[SourceVersion "1"]
[SourceVersionDate "2016.10.25"]
[SourceQuality "1"]

1. e4 c5 2. Nf3 d6 3. d4 cxd4 4. Nxd4 Nf6 5. Nc3 a6 6. Be3 e5 7. Nb3 Be7 8. f3 Be6 9. Nd5 Bxd5 10. exd5 Nbd7 11. Qd2 0-0 12. 0-0-0 a5 13. Kb1 a4 14. Nc1 Qc7 15. g4 Nb6 16. Bxb6 Qxb6 17. Ne2 a3 18. b3 Qf2 19. Qd3 e4 20. fxe4 Nxg4 21. Bh3 Qf6 0-1

[Event "Ostrava Konik op"]
[Site "Ostrava"]
[Date "2014.05.03"]
[Round "8"]
[White "Filip, Tomas1111"]
[Black "Hanak, Tomas"]
[Result "1-0"]
[WhiteElo "1595"]
[BlackElo "1757"]
[PlyCount "59"]
[EventDate "2014.04.26"]
[EventType "swiss"]
[EventRounds "9"]
[EventCountry "CZE"]
[SourceTitle "CBM 160 Extra"]
[Source "ChessBase"]
[SourceDate "2014.07.01"]
[SourceVersion "1"]
[SourceVersionDate "2014.07.01"]
[SourceQuality "1"]

1. e4 c5 2. Nf3 Nc6 3. d4 cxd4 4. Nxd4 g6 5. Nc3 Bg7 6. Be3 Nf6 7. Bc4 0-0 8. Bb3 d6 9. f3 Bd7 10. Qd2 Ne5 11. 0-0-0 a5 12. a4 Rc8 13. g4 Nc4 14. Bxc4 Rxc4 15. b3 Rc8 16. h4 Qc7 17. Ncb5 Bxb5 18. Nxb5 Qd8 19. h5 Rc6 20. hxg6 fxg6 21. Nd4 Qc8 22. Nxc6 Qxc6 23. Bh6 Rc8 24. Bxg7 Kxg7 25. Rh2 b5 26. g5 Nh5 27. Qd4+ Kf8 28. axb5 Qxb5 29. Qh8+ Kf7 30. Qxc8 1-0